000 00350nam a2200145Ia 4500
008 231217s9999 xx 000 0 und d
041 _aEnglish
082 _a001.6424WIN MEH
100 _aMehta, Subhash
245 0 _aWindows 3.1: A complete tutorial
260 _c1994
_bGalgotia
300 _ali+588-5
650 _aWindows 3.1
942 _cAA
999 _c163921
_d163921